| 000 | 00357 a2200157 4500 | ||
|---|---|---|---|
| 001 | 62871 | ||
| 020 | _a9788565765411 | ||
| 040 | _cAnchieta - Pituba | ||
| 100 | _aDellaira, Ava | ||
| 240 | 1 | 0 |
_aCartas de amor aos mortos _lpor |
| 245 | 1 | 0 | _aCartas de amor aos mortos |
| 300 | _a337 | ||
| 362 | 0 | _a2014 | |
| 650 | 4 | _aFicção norte-americana | |
| 942 | _cBK | ||
| 999 |
_c62871 _d62871 |
||